Filme mit Musik von Hans Zimmer - Statistiken

Allgemein
  • Dieses Quiz wurde 60 mal gespielt
  • Das Durchschnittsergebnis liegt bei 6 aus 15
Antwortstatistiken
Thema Regisseur Film % Korrekt
Cornfield Chase Christopher Nolan Interstellar
88%
Davy Jones Gore Verbinski Pirates of the Caribbean: Fluch der Karibik 2
86%
Time Christopher Nolan Inception
82%
Why So Serious? Christopher Nolan The Dark Knight
72%
Now We Are Free Ridley Scott Gladiator
66%
Dream of Arrakis Denis Villeneuve Dune
50%
I'm Electro Marc Webb The Amazing Spider-Man 2
40%
Dragon Warrior Is Among Us John Stevenson,Mark Osborne Kung Fu Panda
36%
This Land Roger Allers,Rob Minkoff Der König der Löwen
26%
Spider Pig David Silverman Die Simpsons – Der Film
24%
Chevaliers de Sangreal Akiva Goldsman The Da Vinci Code – Sakrileg
22%
Solomon Northup Steve McQueen 12 Years a Slave
18%
Chess (Shadows – Part 3) Guy Ritchie Sherlock Holmes: Spiel im Schatten
16%
Look to the Stars Zack Snyder Man of Steel
10%
New York, New York (Polka Version) Eric Darnell,Tom McGrath Madagascar 2
8%
Keine übereinstimmenden Quizze gefunden
Verteilung der Resultate
Anzahl Personen mit jedem Resultat
Perzentil nach korrekt beantworteten Fragen
Ihre Resultats-Entwicklung
Sie haben dieses Quiz noch nicht gespielt